| 000 | 01617nam a2200217Ia 4500 | ||
|---|---|---|---|
| 003 | Ost | ||
| 005 | 20260507075122.0 | ||
| 008 | 260507s9999||||xx |||||||||||||| ||und|| | ||
| 040 | _cfsecg | ||
| 041 | _aara | ||
| 082 | _a330 | ||
| 100 |
_aالجنبهي، منير محمد _eمؤلف |
||
| 245 | 0 |
_aالشركات الإلكترونية / _c منير محمد الجنبهي |
|
| 260 |
_aالإسكندرية: _bدار الفكر الجامعي, _c2005 |
||
| 300 |
_a302 صفحة؛ _c24 سم |
||
| 520 | _aالعوامل التي ساعدت على نمو التجارة الإلكترونية-خصائص التجارة الإلكترونية-أنواع الشركات الإلكترونية-مخاطر الشركات الإلكترونية-الطبيعة القانونية لعقد تأسيس الشركات الإلكترونية-المنازعات الخاصة بالشركات الإلكترونية-خضوع الشركات الإلكترونية للضرائب-ماهية الأموال المتداولة بين الشركات الإلكترونية وعملائها-الطبيعة القانونية للبيانات الإلكترونية المتداولة بين الشركات الإلكترونية وعملائها-الطبيعة القانونية للعقود الإلكترونية التي قد تبرمجها الشركات الإلكترونية مع الغير-التوقيع الإلكتروني للعملاء. | ||
| 653 | _aالشركات | ||
| 653 | _aالشركات الإلكترونية | ||
| 700 |
_aممدوح، محمد الجنبهي _eمؤلف ثانوي |
||
| 942 | _cكتاب | ||
| 999 |
_c43095 _d43095 |
||